000 00585nas a2200205 4500
001 BR7302791
003 BR-BrBNA
005 20231205082436.0
007 ta
008 230509b bl.|||p| |||| 00| 00por d
040 _aBR-BrBNA
_bpor
_cBiblioteca Nacional de Agricultura
041 _a(Pt)
072 _aF27
100 1 _aReis, L.P.
245 1 _aA rolagem [implemento agricola]
650 _aCULTIVO DO SOLO
773 0 _tLavoura Arrozeira (Brazil)
_xISSN 0023-9143
_g(Jan 1976), v. 29(289) p. 34-36
_wBR7302791
909 _a202311
_bLúcia
_c55
_dLúcia Elande
942 _2AGRIS
_n0
_cANA
999 _c91860
_d91860